000 00851nam a2200253 a 4500
008
020 _a0195652886 (pbk.)
049 _aMAIN
090 _aHE8689.9.I4
245 0 0 _aBroadcasting reform in India :
_bmedia law from a global perspective /
_cedited by Monroe E. Price and Stefan G. Verhulst.
260 _aNew Delhi :
_bOxford University Press,
_c2000.
300 _axxi, 377 p. ;
_c22 cm.
440 0 _aLaw in India series.
504 _aIncludes bibliographical references.
650 0 _aRadio
_xLaw and legislation
_zIndia.
650 0 _aTelevision
_xLaw and legislation
_zIndia.
700 1 _aPrice, Monroe Edwin.
700 1 _aVerhulst, Stefaan.
907 _a.b10159939
_b21-03-05
_c15-03-05
003
005 20230123133955.0
040 _cNUST
942 _cBOOKS
_kHE8689.9.I4
999 _c157836
_d157836